000 00673nam a22002297a 4500
005 20260123104823.0
008 260123b |||||||| |||| 00| 0 eng d
017 _aLD.4224
018 _a2025
020 _a9789787653654
040 _aNLN
_bEnglish
_eAACR2
050 _aBV4905.3
_b.H224
082 _a248.866
100 _aHAMMASHI, Mela
_eaut
_969377
245 _aHeart break :
_bthe experience of a broken heart /
_cMela Hammashi
260 _a[S.l] :
_bDaveco Prints and Publishers,
_c2024
300 _axiii, 147p. :
_bill, ports ; 21cm
563 _a(pbk)
650 _aGrief
_vReligious aspects
_xChristianity
_923263
650 _aGrief
_957306
942 _cBK
_n0
999 _c34104
_d34104